[Event "Bad Woerishofen op 38th"]
[Site "Bad Woerishofen"]
[Date "2023.03.07"]
[Round "5"]
[White "Arndt, Stefan"]
[Black "Dornreiter, Michael"]
[Result "1-0"]
[WhiteElo "2139"]
[BlackElo "1845"]
[PlyCount "63"]
[EventDate "2023.03.03"]
[EventType "swiss"]
[EventRounds "9"]
[EventCountry "GER"]
[SourceTitle "CBM 213 Extra"]
[Source "ChessBase"]
[SourceDate "2023.05.31"]
[SourceVersion "1"]
[SourceVersionDate "2023.05.31"]
[SourceQuality "1"]

1. e4 c5 2. Nc3 Nc6 3. Bb5 e6 4. Bxc6 dxc6 5. d3 Nf6 6. f4 Be7 7. Nf3 b6 8. 0-0 Ba6 9. b3 Qc7 10. Qe1 Nd7 11. a4 h6 12. e5 0-0-0 13. Ne4 Rhe8 14. Bb2 f5 15. exf6 gxf6 16. Ng3 Bd6 17. Nh5 Bxf4 18. Nxf4 Qxf4 19. Ne5 Qg5 20. Nf7 Qg6 21. Nxd8 Kxd8 22. Qh4 e5 23. Rae1 Kc7 24. Re3 f5 25. Rg3 Qe6 26. c4 b5 27. Qh5 f4 28. Rg6 Qe7 29. Qxh6 Bb7 30. Rg7 Qf8 31. Bxe5+ Kb6 32. Rxf4 1-0

[Event "Stuttgart-chA int"]
[Site "Gerlingen"]
[Date "2011.06.02"]
[Round "1"]
[White "Bodrozic, Tomislav"]
[Black "Dornreiter, Michael"]
[Result "1/2-1/2"]
[WhiteElo "2104"]
[BlackElo "1847"]
[PlyCount "93"]
[EventDate "2011.06.02"]
[EventType "swiss"]
[EventRounds "7"]
[EventCountry "GER"]
[SourceTitle "EXT 2018"]
[Source "ChessBase"]
[SourceDate "2017.10.13"]
[SourceVersion "1"]
[SourceVersionDate "2017.10.13"]
[SourceQuality "1"]

1. e4 c5 2. Nf3 g6 3. d3 Bg7 4. g3 Nf6 5. Bg2 d6 6. 0-0 0-0 7. c3 Nc6 8. Re1 Bg4 9. h3 Bxf3 10. Qxf3 Ne5 11. Qe2 Qb6 12. f4 Ned7 13. Be3 Nh5 14. Kh2 e5 15. f5 Nhf6 16. c4 Rae8 17. Nc3 h6 18. g4 Nh7 19. Qd2 g5 20. h4 f6 21. Nd5 Qd8 22. b4 b6 23. a4 Nb8 24. b5 Rf7 25. a5 Nf8 26. axb6 axb6 27. Ra8 Rb7 28. Rea1 Qd7 29. R1a4 Qf7 30. Qa2 Rd8 31. R4a6 Nfd7 32. R6a7 Rxa7 33. Qxa7 Qe8 34. Qc7 Bf8 35. hxg5 hxg5 36. Nxb6 Nxb6 37. Qxb6 Be7 38. Ra7 Kf7 39. Qb7 Rd7 40. Qd5+ Kg7 41. b6 Rxa7 42. bxa7 Nc6 43. Bd2 Nxa7 44. Qb7 Nc6 45. Bf3 Nd4 46. Bd1 Kf7 47. Kg2 1/2-1/2

[Event "Karl Mala Memorial op 12th"]
[Site "Frankfurt"]
[Date "2009.07.16"]
[Round "1"]
[White "Teske, Henrik"]
[Black "Dornreiter, Michael"]
[Result "1-0"]
[WhiteElo "2536"]
[BlackElo "1846"]
[PlyCount "53"]
[EventDate "2009.07.16"]
[EventType "swiss"]
[EventRounds "7"]
[EventCountry "GER"]
[SourceTitle "EXT 2010"]
[Source "ChessBase"]
[SourceDate "2010.11.25"]
[SourceVersion "1"]
[SourceVersionDate "2010.11.25"]
[SourceQuality "1"]

1. d4 f5 2. g4 d6 3. gxf5 Bxf5 4. Bg2 c6 5. e4 Bg6 6. Nc3 Nd7 7. f4 e5 8. Nf3 exd4 9. Qxd4 Qb6 10. f5 Qxd4 11. Nxd4 Bf7 12. Bf4 Ngf6 13. 0-0-0 0-0-0 14. Nf3 Nb6 15. Rd4 Nh5 16. Bg5 Rd7 17. Rhd1 h6 18. Bh4 Nf4 19. Bh1 c5 20. R4d2 Nc4 21. Rf2 g5 22. fxg6 Bxg6 23. Nd2 Nxd2 24. Rdxd2 Nh5 25. Bf3 Kc7 26. e5 dxe5 27. Nb5+ 1-0

[Event "Bad Woerishofen op 24th"]
[Site "Bad Woerishofen"]
[Date "2008.03.05"]
[Round "7"]
[White "Semmler, Guenter"]
[Black "Dornreiter, Michael"]
[Result "0-1"]
[WhiteElo "2042"]
[BlackElo "1857"]
[PlyCount "40"]
[EventDate "2008.02.28"]
[EventType "swiss"]
[EventRounds "9"]
[EventCountry "GER"]
[SourceTitle "CBM 123 Extra"]
[Source "ChessBase"]
[SourceDate "2008.05.06"]
[SourceVersion "1"]
[SourceVersionDate "2008.05.06"]
[SourceQuality "1"]

1. Nf3 d5 2. d4 g6 3. g3 Bg7 4. Bg2 Nf6 5. 0-0 Nc6 6. h3 Bf5 7. a3 Qd7 8. Kh2 h5 9. Bf4 Ne4 10. c3 f6 11. h4 g5 12. hxg5 h4 13. g4 Bxg4 14. Nbd2 Qf5 15. Be3 Nxg5 16. Qb1 Qd7 17. Nxg5 Qd6+ 18. Kg1 fxg5 19. Nf3 h3 20. Bh1 h2+ 0-1

[Event "Nuremberg-ch op 05th"]
[Site "Nuremberg"]
[Date "2005.05.07"]
[Round "3"]
[White "Janku, Joerg"]
[Black "Dornreiter, Michael"]
[Result "0-1"]
[WhiteElo "1258"]
[BlackElo "1499"]
[PlyCount "40"]
[EventDate "2005.05.06"]
[EventType "swiss"]
[EventRounds "5"]
[EventCountry "GER"]
[SourceTitle "EXT 2007"]
[Source "ChessBase"]
[SourceDate "2006.11.23"]
[SourceVersion "1"]
[SourceVersionDate "2006.11.23"]
[SourceQuality "1"]

1. Nf3 d5 2. d4 g6 3. e3 Bg7 4. Bd3 Nf6 5. Nbd2 Bg4 6. 0-0 0-0 7. Re1 Nbd7 8. c3 e5 9. e4 exd4 10. exd5 dxc3 11. bxc3 Nxd5 12. Bb2 Nc5 13. Qc2 Nxd3 14. Qxd3 Nxc3 15. Qxd8 Raxd8 16. a3 Rfe8 17. Rxe8+ Rxe8 18. Kf1 Nb5 19. Rb1 Bxb2 20. Rxb2 Nc3 0-1

[Event "Bad Woerishofen op 19th"]
[Site "Bad Woerishofen"]
[Date "2003.03.19"]
[Round "7"]
[White "Dornreiter, Michael"]
[Black "Schweitzer, Paul"]
[Result "0-1"]
[WhiteElo "1475"]
[BlackElo "1743"]
[PlyCount "46"]
[EventDate "2003.03.13"]
[EventType "swiss"]
[EventRounds "9"]
[EventCountry "GER"]
[SourceTitle "CBM 093 Extra"]
[Source "ChessBase"]
[SourceDate "2003.05.09"]
[SourceVersion "1"]
[SourceVersionDate "2003.05.09"]
[SourceQuality "1"]

1. e4 c5 2. Nf3 Nc6 3. Bc4 e6 4. d4 cxd4 5. Nxd4 Bc5 6. c3 a6 7. 0-0 Nf6 8. Bg5 Ne5 9. Nd2 b5 10. Be2 Qb6 11. Bxf6 gxf6 12. N2f3 Ng6 13. b4 Be7 14. Qd2 Bb7 15. Bd3 Qc7 16. a4 bxa4 17. Rxa4 Qf4 18. Qe2 Qg4 19. h3 Qh5 20. Nd2 Qh6 21. Rfa1 Nf4 22. Qe3 Rg8 23. Bf1 Nxh3+ 0-1

[Event "Bad Woerishofen op 19th"]
[Site "Bad Woerishofen"]
[Date "2003.03.15"]
[Round "3"]
[White "Deues, Erik"]
[Black "Dornreiter, Michael"]
[Result "1-0"]
[WhiteElo "2100"]
[BlackElo "1475"]
[PlyCount "123"]
[EventDate "2003.03.13"]
[EventType "swiss"]
[EventRounds "9"]
[EventCountry "GER"]
[SourceTitle "CBM 093 Extra"]
[Source "ChessBase"]
[SourceDate "2003.05.09"]
[SourceVersion "1"]
[SourceVersionDate "2003.05.09"]
[SourceQuality "1"]

1. d4 d5 2. Nf3 Nc6 3. e3 Nf6 4. c4 Bg4 5. Nc3 e6 6. cxd5 Nxd5 7. Bb5 Bb4 8. Bd2 0-0 9. Bxc6 bxc6 10. a3 Bd6 11. h3 Bxf3 12. Qxf3 f5 13. Rc1 Ne7 14. 0-0 e5 15. dxe5 Bxe5 16. Rfd1 Qe8 17. Na4 Rf6 18. Bc3 Bxc3 19. Rxc3 Rd8 20. Nc5 Rxd1+ 21. Qxd1 Rd6 22. Qb3+ Kh8 23. Rd3 Nd5 24. Rd4 Nb6 25. Qd3 Qe5 26. b4 h6 27. Nb7 Rxd4 28. Qxd4 Qxd4 29. exd4 Nc4 30. a4 Nb2 31. Na5 Nxa4 32. Nxc6 Nc3 33. Kf1 Nd5 34. b5 Kg8 35. Nxa7 Kf8 36. Ke2 Ke7 37. g3 Kd7 38. Kd3 g5 39. Nc6 h5 40. Ne5+ Ke6 41. Nf3 g4 42. hxg4 fxg4 43. Nd2 Nf6 44. Nc4 Nd5 45. Ne3 Nf6 46. Kc4 Ne4 47. Nd1 Nd6+ 48. Kc5 Nxb5 49. Kxb5 Kd5 50. Nc3+ Kxd4 51. Ne2+ Ke4 52. Ng1 Kd5 53. Kb4 c5+ 54. Kc3 c4 55. Ne2 Ke4 56. Nd4 Kd5 57. Nf5 Ke4 58. Ng7 Kf3 59. Nxh5 Kxf2 60. Kxc4 Ke3 61. Kd5 Kf3 62. Ke5 1-0

[Event "Bad Woerishofen op 19th"]
[Site "Bad Woerishofen"]
[Date "2003.03.13"]
[Round "1"]
[White "Dornreiter, Michael"]
[Black "Schlierf, Andre"]
[Result "0-1"]
[WhiteElo "1475"]
[BlackElo "2107"]
[PlyCount "80"]
[EventDate "2003.03.13"]
[EventType "swiss"]
[EventRounds "9"]
[EventCountry "GER"]
[SourceTitle "CBM 093 Extra"]
[Source "ChessBase"]
[SourceDate "2003.05.09"]
[SourceVersion "1"]
[SourceVersionDate "2003.05.09"]
[SourceQuality "1"]

1. e4 c5 2. Bc4 Nc6 3. Nf3 d6 4. c3 Nf6 5. Qb3 e6 6. d3 a6 7. Qc2 b5 8. Bb3 Bb7 9. Bg5 Be7 10. Bxf6 Bxf6 11. Nbd2 d5 12. a3 Qd6 13. 0-0 c4 14. Ba2 cxd3 15. Qxd3 d4 16. cxd4 Nxd4 17. Nxd4 Qxd4 18. Qxd4 Bxd4 19. Rab1 Rc8 20. Bb3 Ke7 21. Rfe1 Rc7 22. Nf3 Bb6 23. Kf1 a5 24. Bd1 Rhc8 25. Ne5 f6 26. Nd3 Rd8 27. Nf4 Rd2 28. Nh3 b4 29. axb4 axb4 30. f3 Rcc2 31. Be2 Rxb2 32. Ra1 Ra2 33. Rab1 Bc5 34. Nf4 Ba6 35. Rbc1 Be3 36. Rc7+ Kd6 37. Rec1 Bxe2+ 38. Nxe2 Rxe2 39. R7c6+ Ke5 40. f4+ Kxf4 0-1